000 00513nam a2200217 a 4500
999 _c724
_d724
001 724
003 BD-JhCC
005 20171009184554.0
008 171009s1972 ii |||| ||a| 000 0 eng d
035 _a(BD-JhCC)724
040 _aBD-JhCC
_dBD-JhCC
041 _aeng
082 _a955.1
_bDIN 1972
100 _aDinesh
245 _aIndria Wins The War /
_cDinesh
260 _aDelhi:
_bOriental Publishers;
_c1972
300 _a214 p.;
_c22cm.
650 _aHistory
_zIndia
942 _2ddc
_cBK